Bài tập và lời giải quang học
Trình bày bài tập và lời giải các bài toán về quang học được dùng trong các trường đại học Hoa Kì
Guardado en:
| Autor principal: | |
|---|---|
| Autor Corporativo: | |
| Otros Autores: | , , |
| Formato: | Libro |
| Lenguaje: | Vietnamese |
| Publicado: |
H.
Giáo dục
2010
|
| Edición: | tái bản lần 1 |
| Materias: | |
| Etiquetas: |
Agregar Etiqueta
Sin Etiquetas, Sea el primero en etiquetar este registro!
|
| Thư viện lưu trữ: | Mạng thư viện Đại học Đà Nẵng |
|---|
| LEADER | 01783aam a22004458a 4500 | ||
|---|---|---|---|
| 001 | 000016470 | ||
| 003 | 12872 | ||
| 005 | 20121105091139.0 | ||
| 008 | 121105s2010 viesd | ||
| 020 | |c 29000đ |d 1000b | ||
| 041 | 1 | |a vie | |
| 082 | 1 | 4 | |2 14 |a 535.076 |b Bai |
| 100 | 1 | |a Yung-Kuo Lim |e chủ biên | |
| 245 | 1 | 0 | |a Bài tập và lời giải quang học |c B.s.: Yung Kuo Lim (ch.b.), trường đại học Khoa học và Công nghệ Trung Hoa (b.s); Dịch: Nguyễn Đức Bích.. |
| 246 | |a Problems and Solutions on Optics | ||
| 250 | |a tái bản lần 1 | ||
| 260 | |a H. |b Giáo dục |c 2010 | ||
| 300 | |a 192tr. |b hình vẽ |c 24cm | ||
| 500 | |a Bài tập và lời giải của các Trường Đại học nổi tiếng Hoa Kỳ | ||
| 520 | |a Trình bày bài tập và lời giải các bài toán về quang học được dùng trong các trường đại học Hoa Kì | ||
| 534 | |a Problems and solutions on optics | ||
| 650 | 7 | |2 Bộ TK TVQG | |
| 650 | 7 | |2 Bộ TK TVQG |a Quang học | |
| 650 | 7 | |2 Bộ TK TVQG | |
| 653 | |a bài tập và lời giải | ||
| 653 | |a Vật lí | ||
| 700 | 1 | |a Nguyễn Phúc Kỳ Thọ |e dịch | |
| 700 | 1 | |a Nguyễn Đức Bích |e dịch | |
| 700 | 1 | |a Phạm Văn Thiều |e dịch | |
| 710 | 2 | |a Trường đại học Khoa học và Công nghệ Trung Hoa | |
| OWN | |a LSP | ||
| AVA | |a UDN50 |b LSP |d 535.076 Bai |e check_holdings |t Error 5003 Not defined in file expand_doc_bib_avail. |h N |k 1 | ||
| 999 | |a From the UDN01 | ||
| AVA | |a UDN50 |b LSP |d 535.076 Bai |e available |t Error 5001 Not defined in file expand_doc_bib_avail. |f 20 |g 1 |h N |i 39 |k 1 | ||
| TYP | |a Monograph | ||
| TYP | |a Printed language | ||
| 980 | |a Mạng thư viện Đại học Đà Nẵng | ||